[Event "10. Lichtenberger Sommer"]
[Site "Berlin"]
[Date "2011.08.20"]
[Round "8.57"]
[White "Walter, Günter"]
[Black "Kapp, Stefan"]
[Result "0-1"]
[WhiteElo "1990"]
[BlackElo "1991"]
[PlyCount "78"]
[EventDate "2011.??.??"]
[WhiteTeam "TSG Oberschöneweide e.V."]
[BlackTeam "TSV IFA Chemnitz"]

1. e4 e6 2. d4 d5 3. Nc3 Nf6 4. Bg5 Bb4 5. exd5 exd5 6. Qe2+ Be6 7. Qb5+ Nc6 8.
Nf3 Qd7 9. Bxf6 gxf6 10. O-O-O a6 11. Qd3 O-O-O 12. a3 Bd6 13. Nh4 Bg4 14. Be2
Ne7 15. f3 Bh5 16. g4 Bg6 17. Nxg6 hxg6 18. h4 Rh7 19. Rh3 Re8 20. h5 Rxh5 21.
Rxh5 gxh5 22. gxh5 Nf5 23. Rg1 Bf4+ 24. Kb1 Ng3 25. Bf1 Re3 26. Qxe3 Bxe3 27.
Rxg3 c6 28. Bh3 f5 29. f4 Bxd4 30. h6 Qe6 31. Rg8+ Kc7 32. h7 Qh6 33. Bxf5 Qxf4
34. Bd3 Qh4 35. Ne2 Bf6 36. Rf8 Qh5 37. c3 Bg7 38. Rg8 Qe5 39. Nf4 d4 0-1

[Event "10. Lichtenberger Sommer"]
[Site "Berlin"]
[Date "2011.08.20"]
[Round "8.58"]
[White "Koenig, Frank"]
[Black "Petry, Thomas"]
[Result "1-0"]
[WhiteElo "1975"]
[BlackElo "1637"]
[PlyCount "101"]
[EventDate "2011.??.??"]
[WhiteTeam "BSG 1827 Eckbauer e.V."]
[BlackTeam "SC Friesen Lichtenberg e.V."]

1. Nf3 Nf6 2. g3 g6 3. Bg2 Bg7 4. O-O d5 5. d3 O-O 6. Nbd2 c6 7. e4 dxe4 8.
dxe4 Nbd7 9. e5 Ng4 10. e6 Nde5 11. exf7+ Nxf7 12. Qe2 Bf5 13. Nc4 Qc7 14. h3
Nf6 15. Nd4 Qc8 16. Nxf5 Qxf5 17. c3 Qb5 18. a4 Qc5 19. Re1 Nd6 20. Qe6+ Kh8
21. Ne5 Nfe4 22. Nd3 Qd5 23. Nf4 Rxf4 24. Qxd5 cxd5 25. Bxf4 e5 26. Bxe4 Nxe4
27. Be3 a6 28. Rad1 Rd8 29. Bb6 Rd6 30. Bc7 Rd7 31. Rxe4 Rxc7 32. Rxd5 Kg8 33.
f4 exf4 34. Rxf4 h6 35. Kf2 Re7 36. Rd8+ Kh7 37. g4 h5 38. g5 Rc7 39. h4 Re7
40. Kf3 Rc7 41. Re4 Rf7+ 42. Kg2 Bf8 43. Re6 Bg7 44. Rde8 Rd7 45. Rb6 Rd2+ 46.
Kf3 Rd3+ 47. Ke2 Rd7 48. Rb8 Re7+ 49. Kf3 Rf7+ 50. Kg2 Rf4 51. Rb4 1-0

[Event "10. Lichtenberger Sommer"]
[Site "Berlin"]
[Date "2011.08.20"]
[Round "8.59"]
[White "Grassi, Fabrizio"]
[Black "Hülse, Max"]
[Result "1-0"]
[WhiteElo "1960"]
[BlackElo "1445"]
[PlyCount "87"]
[EventDate "2011.??.??"]
[WhiteTeam "SV Berlin-Friedrichstadt"]
[BlackTeam "Forster Schachclub 95"]

1. d4 d5 2. Bf4 Nf6 3. e3 Bf5 4. c4 e6 5. Nc3 Bb4 6. Qa4+ Nc6 7. Nf3 Ne4 8. Rc1
f6 9. cxd5 exd5 10. Bb5 Bxc3+ 11. bxc3 Bd7 12. Qa3 a6 13. Bd3 Bf5 14. Bxe4 Bxe4
15. Nd2 g5 16. Nxe4 gxf4 17. Nc5 Qe7 18. Qb3 b6 19. Qxd5 bxc5 20. Qxc6+ Kf7 21.
O-O fxe3 22. fxe3 Qd6 23. Qxd6 cxd6 24. Rf5 cxd4 25. cxd4 Ke6 26. Rcf1 Raf8 27.
e4 Rhg8 28. e5 dxe5 29. dxe5 Rg6 30. exf6 Rgxf6 31. Rxf6+ Rxf6 32. Rxf6+ Kxf6
33. Kf2 Kf5 34. Kf3 h5 35. g3 a5 36. h3 a4 37. a3 Ke5 38. Ke3 Kd5 39. Kd3 Ke5
40. Kc4 Ke4 41. Kb4 Kf3 42. g4 hxg4 43. hxg4 Kxg4 44. Kxa4 1-0

[Event "10. Lichtenberger Sommer"]
[Site "Berlin"]
[Date "2011.08.20"]
[Round "8.60"]
[White "Lange, Rudolf"]
[Black "Keusch, Horst"]
[Result "0-1"]
[WhiteElo "1830"]
[BlackElo "2004"]
[PlyCount "46"]
[EventDate "2011.??.??"]
[WhiteTeam "SG Narva Berlin e.V."]
[BlackTeam "SC Friesen Lichtenberg e.V."]

1. e4 g6 2. c4 Bg7 3. d4 d6 4. Nc3 e5 5. dxe5 Bxe5 6. f4 Bg7 7. Nf3 Nc6 8. Be3
Nge7 9. c5 O-O 10. cxd6 cxd6 11. Be2 d5 12. exd5 Bxc3+ 13. bxc3 Nxd5 14. Qd2
Nxe3 15. Qxe3 Re8 16. Qc5 Qf6 17. Kf2 b6 18. Qg5 Qxc3 19. Rac1 Qe3+ 20. Kg3 Nd4
21. Bc4 Nf5+ 22. Kh3 Nd6+ 23. Kg3 Ne4+ 0-1

[Event "10. Lichtenberger Sommer"]
[Site "Berlin"]
[Date "2011.08.20"]
[Round "8.61"]
[White "Wiemann, Lea"]
[Black "Oppermann, Peter"]
[Result "0-1"]
[WhiteElo "1518"]
[BlackElo "2000"]
[PlyCount "84"]
[EventDate "2011.??.??"]
[WhiteTeam "Queer-Springer SSV Berlin"]
[BlackTeam "SK Tempelhof 1931 e.V."]

1. d4 Nf6 2. Nf3 e6 3. c4 d5 4. e3 b6 5. g3 Bb7 6. b3 Bb4+ 7. Bd2 Bxd2+ 8.
Nbxd2 Nbd7 9. Bg2 O-O 10. O-O Qe7 11. Rc1 Rac8 12. Qe2 Rfe8 13. Rc2 c5 14. Rfc1
e5 15. dxe5 Nxe5 16. Nxe5 Qxe5 17. Nf3 Qe7 18. cxd5 Bxd5 19. Rd2 Qb7 20. Rcd1
Bc6 21. a4 h6 22. Ne1 Bxg2 23. Nxg2 Qc7 24. Nf4 c4 25. Qxc4 Qxc4 26. bxc4 Rxc4
27. Rd4 Rxd4 28. exd4 g5 29. Ng2 Nd5 30. Rd3 Rc8 31. Ne3 Rc3 32. Rxc3 Nxc3 33.
Kf1 Nxa4 34. Ke2 b5 35. Kd3 a5 36. d5 Kf8 37. Kd4 b4 38. d6 Ke8 39. Kc4 Nc3 40.
Nf5 Ne4 41. Kd5 b3 42. Kc6 Nf6 0-1

[Event "10. Lichtenberger Sommer"]
[Site "Berlin"]
[Date "2011.08.20"]
[Round "8.62"]
[White "Horbach, Fabian"]
[Black "Hänisch, Christoph"]
[Result "1-0"]
[WhiteElo "2022"]
[BlackElo "1631"]
[PlyCount "47"]
[EventDate "2011.??.??"]
[WhiteTeam "Schachverein 1949 Herzogenrath"]
[BlackTeam "SK Zehlendorf e.V."]

1. d4 d5 2. Nf3 Nf6 3. e3 e6 4. Bd3 c6 5. Nbd2 Bd6 6. O-O Nbd7 7. Re1 O-O 8. e4
dxe4 9. Nxe4 Nxe4 10. Rxe4 Nf6 11. Rh4 g6 12. Bg5 Be7 13. Qd2 Nd7 14. Re1 Bxg5
15. Nxg5 Nf6 16. Nxh7 Nh5 17. Rxh5 gxh5 18. Qh6 f5 19. Qg6+ Kh8 20. Nxf8 Qxf8
21. Qxh5+ Kg7 22. Qg5+ Kf7 23. c3 Bd7 24. Bc4 1-0

[Event "10. Lichtenberger Sommer"]
[Site "Berlin"]
[Date "2011.08.20"]
[Round "8.64"]
[White "Yuan, Yizheng"]
[Black "Peter, Volkhard"]
[Result "1-0"]
[WhiteElo "1889"]
[BlackElo "1810"]
[PlyCount "71"]
[EventDate "2011.??.??"]
[WhiteTeam "Schachpinguine Berlin e.V."]
[BlackTeam "Schachclub Oranienburg e.V."]

1. e4 e5 2. Nf3 Nf6 3. Nxe5 d6 4. Nf3 Nxe4 5. d4 Be7 6. Bd3 d5 7. O-O O-O 8. c4
Nf6 9. Nc3 c6 10. Ne5 dxc4 11. Bxc4 b5 12. Bb3 Bb7 13. Be3 Qc7 14. Bf4 Bd6 15.
Qe2 a5 16. Rfe1 b4 17. Ne4 Nxe4 18. Qxe4 c5 19. Qf5 c4 20. Bxc4 Bxe5 21. Bxe5
Qxc4 22. Bxg7 Qc6 23. Qg5 Qxg2+ 24. Qxg2 Bxg2 25. Bxf8 Bd5 26. Re8 Nd7 27. Rxa8
Bxa8 28. Bh6 f5 29. Rc1 Bd5 30. Rc7 Be6 31. d5 Bxd5 32. Rxd7 Bxa2 33. Kg2 a4
34. Kg3 a3 35. bxa3 b3 36. Rb7 1-0

[Event "10. Lichtenberger Sommer"]
[Site "Berlin"]
[Date "2011.08.20"]
[Round "8.66"]
[White "Gebert, Ralf"]
[Black "Schrodt, Horst"]
[Result "1-0"]
[WhiteElo "2039"]
[BlackElo "1709"]
[PlyCount "73"]
[EventDate "2011.??.??"]
[WhiteTeam "SG Güstrow/Teterow"]
[BlackTeam "SC Eintracht Berlin e.V."]

1. e4 c6 2. d4 d5 3. Nc3 dxe4 4. Nxe4 Bf5 5. Ng3 Bg6 6. Nf3 Nd7 7. Be2 e6 8.
Bf4 Ngf6 9. O-O Be7 10. Re1 h6 11. a3 O-O 12. Bc4 Nd5 13. Bd2 N7b6 14. Ba2 Nd7
15. c4 N5f6 16. Bf4 Nh5 17. Qd2 Nxf4 18. Qxf4 Bf6 19. Rad1 Rb8 20. Ne4 Bxe4 21.
Qxe4 Re8 22. Ne5 Nf8 23. Bb1 Bxe5 24. dxe5 Qb6 25. b4 Rbd8 26. h3 Rxd1 27. Rxd1
Rd8 28. Rd6 Qc7 29. Qd4 Rc8 30. Qxa7 f6 31. f4 fxe5 32. fxe5 Nd7 33. Qe3 Kf7
34. c5 b6 35. Ba2 Re8 36. Qf4+ Kg6 37. Bb1+ 1-0

[Event "10. Lichtenberger Sommer"]
[Site "Berlin"]
[Date "2011.08.20"]
[Round "8.67"]
[White "Getzuhn, Detlef"]
[Black "Kretzschmar, Jan"]
[Result "0-1"]
[WhiteElo "1931"]
[BlackElo "1807"]
[PlyCount "64"]
[EventDate "2011.??.??"]
[WhiteTeam "SV Senat (FV Schach)"]
[BlackTeam "SC Kreuzberg e.V."]

1. d4 Nf6 2. c4 e6 3. Nc3 Bb4 4. a3 Bxc3+ 5. bxc3 d5 6. e3 O-O 7. Nf3 c5 8.
cxd5 exd5 9. Be2 c4 10. O-O Nc6 11. Nd2 Bf5 12. f3 Qa5 13. Bb2 b5 14. h4 Qc7
15. Kf2 h5 16. Rh1 Rfe8 17. g4 hxg4 18. fxg4 Ne4+ 19. Nxe4 Bxe4 20. Rh3 Re6 21.
Qg1 Rf8 22. Rf1 Bc2 23. Ke1 a5 24. Kd2 Bh7 25. g5 b4 26. Bh5 Bg6 27. Bg4 Re7
28. h5 Bd3 29. Rf2 Qb7 30. Bf5 Bxf5 31. Rxf5 Nxd4 32. cxd4 c3+ 0-1

[Event "10. Lichtenberger Sommer"]
[Site "Berlin"]
[Date "2011.08.20"]
[Round "8.68"]
[White "Krueger, Ekkehard"]
[Black "Mako, Attila"]
[Result "0-1"]
[WhiteElo "1878"]
[BlackElo "1702"]
[PlyCount "96"]
[EventDate "2011.??.??"]
[WhiteTeam "SG Narva Berlin e.V."]
[BlackTeam "BSC Rehberge 1945 e.V."]

1. d4 Nf6 2. c4 g6 3. Nc3 d6 4. e4 Bg7 5. Bd3 c5 6. Nge2 Nc6 7. d5 Ne5 8. O-O
Nxd3 9. Qxd3 Bd7 10. h3 O-O 11. Be3 Ne8 12. Rab1 a5 13. f4 f5 14. e5 dxe5 15.
fxe5 Bxe5 16. Bxc5 Nd6 17. Bd4 Nf7 18. Bxe5 Nxe5 19. Qd4 Qc7 20. b3 Nf7 21.
Rbe1 Rad8 22. Nf4 Rfe8 23. Re2 e5 24. dxe6 Bxe6 25. Nxe6 Rxe6 26. Qf2 Rde8 27.
Rxe6 Rxe6 28. Nd5 Qe5 29. Qd2 h6 30. Qxa5 Qd4+ 31. Kh1 Qh4 32. Qc3 Nd6 33. Qf3
Ne4 34. Kg1 Ng3 35. Nf4 Re4 36. Nxg6 Qg5 37. Rd1 Qxg6 38. Rd8+ Kf7 39. Rd7+ Ke6
40. Qd1 Ne2+ 41. Kh1 Ke5 42. Re7+ Kf6 43. Rxb7 Qg3 44. Qd8+ Kg6 45. Rb6+ Kh5
46. Qd1 Qf2 47. Rb5 Re3 48. Kh2 Rxh3+ 0-1

[Event "10. Lichtenberger Sommer"]
[Site "Berlin"]
[Date "2011.08.20"]
[Round "8.70"]
[White "Prix, Siegfried"]
[Black "Pichler, Gerhard"]
[Result "1/2-1/2"]
[WhiteElo "1782"]
[BlackElo "1818"]
[PlyCount "98"]
[EventDate "2011.??.??"]
[WhiteTeam "Sfrd. Berlin 1903 e.V."]
[BlackTeam "Polizeisportverein Tirol"]

1. d4 Nf6 2. c4 e6 3. Nc3 d5 4. Bg5 Be7 5. e3 O-O 6. Nf3 c6 7. Rc1 a6 8. Bd3
Nbd7 9. c5 h6 10. Bh4 Nh5 11. Bxe7 Qxe7 12. b4 Nhf6 13. O-O e5 14. Nxe5 Nxe5
15. dxe5 Qxe5 16. Be2 Bf5 17. Qd4 Qe6 18. a4 Rfe8 19. Bf3 Qd7 20. a5 Re7 21.
Qf4 Rae8 22. Rfd1 Be4 23. Rd4 Re5 24. Nxe4 Nxe4 25. Rcd1 g5 26. Qg4 f5 27. Qh5
Kg7 28. Bxe4 Rxe4 29. Rxe4 Rxe4 30. Rd4 Qe6 31. Qd1 f4 32. Rxe4 Qxe4 33. Qd4+
Kg6 34. h3 Qb1+ 35. Kh2 Qe4 36. Kg1 h5 37. Kf1 Kf5 38. Qc3 Qb1+ 39. Ke2 Qa2+
40. Kf1 Qb1+ 41. Ke2 Qa2+ 42. Kf1 fxe3 43. Qd3+ Kf6 44. Qd4+ Kg6 45. Qd3+ Kh6
46. Qxe3 Qb1+ 47. Ke2 Qc2+ 48. Ke1 Qb1+ 49. Ke2 Qc2+ 1/2-1/2

[Event "10. Lichtenberger Sommer"]
[Site "Berlin"]
[Date "2011.08.20"]
[Round "8.71"]
[White "Bieg, Pascal"]
[Black "Herrmann, Eberhard"]
[Result "1-0"]
[WhiteElo "1751"]
[BlackElo "1876"]
[PlyCount "83"]
[EventDate "2011.??.??"]
[WhiteTeam "SV Königsjäger Süd-West e.V."]
[BlackTeam "SC Friesen Lichtenberg e.V."]

1. d4 d5 2. c4 e6 3. Nc3 Nf6 4. Bg5 Be7 5. e3 a6 6. Nf3 Nbd7 7. Qc2 O-O 8. Rc1
dxc4 9. Bxc4 b5 10. Bd3 Bb7 11. Ne4 Rc8 12. Nxf6+ Bxf6 13. Bxh7+ Kh8 14. Bxf6
Nxf6 15. Bd3 Bxf3 16. gxf3 Qd5 17. Ke2 e5 18. dxe5 Qxe5 19. Rhg1 c5 20. Rg3 c4
21. Rh3+ Nh5 22. Bf5 g6 23. Bxc8 Rxc8 24. Qc3 Qxc3 25. bxc3 Kg7 26. Rh4 Re8 27.
Rd1 a5 28. Rd5 Rb8 29. Rhd4 a4 30. a3 Rb6 31. Rc5 Nf6 32. Rd1 Rb8 33. Rb1 Rh8
34. Rbxb5 Rxh2 35. Rxc4 Nh5 36. Rg4 Rh1 37. Rxa4 Rc1 38. c4 Rc2+ 39. Kd3 Rxf2
40. c5 Nf6 41. c6 Rf1 42. c7 1-0

[Event "10. Lichtenberger Sommer"]
[Site "Berlin"]
[Date "2011.08.20"]
[Round "8.72"]
[White "Schueler, Wolfgang"]
[Black "Lagunow, Elina"]
[Result "0-1"]
[WhiteElo "1939"]
[BlackElo "1713"]
[PlyCount "38"]
[EventDate "2011.??.??"]
[WhiteTeam "SC Friesen Lichtenberg e.V."]
[BlackTeam "SG Grün-Weiß Baumschulenweg e.V."]

1. e4 e5 2. Nf3 Nc6 3. Bb5 a6 4. Ba4 d6 5. O-O Bg4 6. h3 h5 7. c3 Qf6 8. d3
Nge7 9. Nbd2 Ng6 10. Re1 Bd7 11. Nf1 Nf4 12. Bxf4 exf4 13. d4 O-O-O 14. e5 dxe5
15. Nxe5 Nxe5 16. Rxe5 g5 17. Bxd7+ Rxd7 18. Qc2 Bd6 19. Qf5 Bxe5 0-1

[Event "10. Lichtenberger Sommer"]
[Site "Berlin"]
[Date "2011.08.20"]
[Round "8.73"]
[White "Dittrich, Hans-Georg"]
[Black "Rehder, Frank"]
[Result "1/2-1/2"]
[WhiteElo "1698"]
[BlackElo "1947"]
[PlyCount "57"]
[EventDate "2011.??.??"]
[WhiteTeam "SG Blau-Weiß Stadtilm"]
[BlackTeam "SC Zugzwang 95 e.V."]

1. e4 c5 2. Nf3 e6 3. d4 cxd4 4. Nxd4 Nc6 5. Be3 Nf6 6. Nc3 d6 7. f3 Be7 8. Qd2
O-O 9. O-O-O a6 10. g4 Nd7 11. g5 Na5 12. f4 b5 13. f5 Ne5 14. h4 Nac4 15. Bxc4
Nxc4 16. Qe2 Bd7 17. f6 gxf6 18. gxf6 Bxf6 19. Bh6 Re8 20. Qh5 Ne5 21. Bg5 Kh8
22. Rdg1 Rg8 23. Nce2 Rg7 24. Nf4 Rc8 25. Qh6 Bxg5 26. hxg5 Qg8 27. Qf6 Qd8 28.
Qh6 Qg8 29. Qf6 1/2-1/2

[Event "10. Lichtenberger Sommer"]
[Site "Berlin"]
[Date "2011.08.20"]
[Round "8.74"]
[White "Rausch, Erik"]
[Black "Kuebart, Thore"]
[Result "1-0"]
[WhiteElo "1821"]
[BlackElo "1868"]
[PlyCount "191"]
[EventDate "2011.??.??"]
[WhiteTeam "vereinslos"]
[BlackTeam "SV Königsjäger Süd-West e.V."]

1. e4 e5 2. Nf3 Nc6 3. d4 exd4 4. Nxd4 Nf6 5. Nxc6 bxc6 6. Bd3 d6 7. O-O Be7 8.
Re1 O-O 9. f3 Nd7 10. Be3 Ne5 11. Be2 Be6 12. Nd2 c5 13. f4 Nc6 14. c3 Rb8 15.
Qc2 f6 16. Rad1 Qe8 17. b3 Qf7 18. f5 Bxb3 19. axb3 Kh8 20. Bc4 Qh5 21. Nf3
Rfe8 22. Qe2 Bf8 23. Bb5 Rb6 24. Bxc6 Rxc6 25. Qb5 Rb6 26. Qc4 Re7 27. b4 Qe8
28. bxc5 Rxe4 29. Bd4 dxc5 30. Rxe4 Qxe4 31. Qf7 Bd6 32. Bf2 h6 33. Qd5 Qf4 34.
Re1 Rb8 35. Bg3 Qg4 36. Bxd6 cxd6 37. Qxd6 Rb2 38. Qg3 Qxf5 39. Nh4 Qc2 40.
Ng6+ Kh7 41. Nf8+ Kg8 42. Ne6 Qh7 43. Qd6 Kh8 44. Qf8+ Qg8 45. Qxg8+ Kxg8 46.
Nxc5 Rc2 47. Re3 Kf7 48. Kf1 f5 49. Nd3 Kf6 50. Nb4 Rb2 51. Re2 Rb3 52. Ra2 Ke5
53. Rc2 g5 54. Nc6+ Kd6 55. Nd4 Rb1+ 56. Kf2 f4 57. Nf5+ Kc5 58. Ke2 Rg1 59.
Kf2 Rh1 60. h3 h5 61. Ng7 g4 62. hxg4 hxg4 63. Ne6+ Kc4 64. Nxf4 Kb3 65. Re2
Rh8 66. Re3 a5 67. Nd3 Kxc3 68. Nc5+ Kd4 69. Nb3+ Kc4 70. Nxa5+ Kd4 71. Nb3+
Kc4 72. Nd2+ Kd4 73. Ne4 Rf8+ 74. Ke2 Ra8 75. Nd2 Rg8 76. Rg3 Re8+ 77. Kd1 Rg8
78. Nf3+ Ke4 79. Ke1 Kf4 80. Kf2 Ra8 81. Nd2 Rd8 82. Nf1 Re8 83. Re3 Ra8 84.
g3+ Kf5 85. Nh2 Ra2+ 86. Re2 Ra3 87. Rb2 Ra5 88. Ke3 Ra3+ 89. Kf2 Ra5 90. Nf1
Rc5 91. Rd2 Ra5 92. Ne3+ Kg5 93. Rd5+ Rxd5 94. Nxd5 Kh5 95. Ke3 Kg5 96. Ke4 1-0

[Event "10. Lichtenberger Sommer"]
[Site "Berlin"]
[Date "2011.08.20"]
[Round "8.75"]
[White "Jachym, Christoph"]
[Black "Koerner, Helmut"]
[Result "0-1"]
[WhiteElo "1585"]
[BlackElo "1933"]
[PlyCount "42"]
[EventDate "2011.??.??"]
[WhiteTeam "SC Zugzwang 95 e.V."]
[BlackTeam "Sfr.Nord-Ost Berlin"]

1. e4 d5 2. exd5 Nf6 3. d4 Nxd5 4. c4 Nb6 5. Nf3 Bg4 6. Be3 e5 7. d5 e4 8. Bxb6
exf3 9. Qa4+ Bd7 10. Qb3 axb6 11. Qxf3 Bb4+ 12. Nc3 O-O 13. Be2 Qf6 14. Qxf6
gxf6 15. Kd2 Bf5 16. a3 Bd6 17. Nb5 Be5 18. Nc3 Nd7 19. b4 Rfe8 20. g3 Bxc3+
21. Kxc3 Rxe2 0-1

[Event "10. Lichtenberger Sommer"]
[Site "Berlin"]
[Date "2011.08.20"]
[Round "8.76"]
[White "Ruether, Marc"]
[Black "Schmitt, Jens-Ole"]
[Result "1/2-1/2"]
[WhiteElo "1808"]
[BlackElo "1557"]
[PlyCount "80"]
[EventDate "2011.??.??"]
[WhiteTeam "Queer-Springer SSV Berlin"]
[BlackTeam "SG Narva Berlin e.V."]

1. e4 c5 2. c3 Nf6 3. e5 Nd5 4. d4 Nc6 5. dxc5 e6 6. Bc4 Nc7 7. Nf3 Bxc5 8. Bg5
Be7 9. Bf4 Na5 10. Bd3 Nd5 11. Bg3 b6 12. O-O Qc7 13. Nd4 a6 14. Nd2 Bb7 15.
Ne4 Nc6 16. Qg4 O-O 17. Qh5 g6 18. Qh6 Nxe5 19. Bc2 d6 20. Rad1 Ng4 21. Qh3
Ndf6 22. Nxf6+ Nxf6 23. Rfe1 e5 24. Nf3 h5 25. Ng5 Bc8 26. Qh4 Nh7 27. f4 exf4
28. Bxf4 Qd8 29. Be4 Ra7 30. Rd5 Bb7 31. Qg3 Bxd5 32. Bxd5 Nxg5 33. h4 Ne6 34.
Bxe6 fxe6 35. Qxg6+ Kh8 36. Qxh5+ Kg8 37. Qg6+ Kh8 38. Qh6+ Kg8 39. Qg6+ Kh8
40. Qh5+ Kg8 1/2-1/2

[Event "10. Lichtenberger Sommer"]
[Site "Berlin"]
[Date "2011.08.20"]
[Round "8.77"]
[White "Ziems, Michael"]
[Black "Reichert, Lutz"]
[Result "1-0"]
[WhiteElo "1795"]
[BlackElo "1757"]
[PlyCount "59"]
[EventDate "2011.??.??"]
[WhiteTeam "SV Empor Berlin e.V."]
[BlackTeam "Schwarz-Weiß Neukölln e.V."]

1. d4 d6 2. c4 e5 3. d5 f5 4. Nf3 Nf6 5. Nc3 Be7 6. e3 O-O 7. Be2 Na6 8. O-O
Bd7 9. a3 c6 10. b4 Nc7 11. Nxe5 dxe5 12. d6 Bxd6 13. Qxd6 e4 14. Rd1 Be6 15.
Qg3 Qe7 16. Bb2 Qf7 17. Rd4 a6 18. Rad1 b5 19. Rd6 bxc4 20. Rxc6 Ncd5 21. Nxd5
Nxd5 22. Bxc4 f4 23. exf4 Nxf4 24. Rxe6 Kh8 25. Rxe4 Nh5 26. Qh4 Qg6 27. Qg4
Qb6 28. Bd4 Qc7 29. Qxh5 Rad8 30. Rh4 1-0

[Event "10. Lichtenberger Sommer"]
[Site "Berlin"]
[Date "2011.08.20"]
[Round "8.79"]
[White "Kuschfeldt, Karsten"]
[Black "Schmalzried, Volker"]
[Result "1-0"]
[WhiteElo "1554"]
[BlackElo "1870"]
[PlyCount "135"]
[EventDate "2011.??.??"]
[WhiteTeam "SV Königsjäger Süd-West e.V."]
[BlackTeam "Umweltbundesamt (FV Schach)"]

1. e4 c5 2. Nf3 Nc6 3. Bb5 g6 4. O-O Bg7 5. Re1 Nf6 6. c3 O-O 7. d4 cxd4 8.
cxd4 d6 9. d5 Nb8 10. Nc3 Bg4 11. h3 Bd7 12. Qe2 Bxb5 13. Nxb5 Nbd7 14. Rb1 Nc5
15. Nc3 Re8 16. b4 Ncd7 17. Bb2 a6 18. a4 Rc8 19. Qe3 Nb6 20. Nd2 Nc4 21. Nxc4
Rxc4 22. Ba1 e6 23. dxe6 Rxe6 24. Qd3 Qc8 25. f3 Nh5 26. Nd5 Bxa1 27. Rxa1 Rc2
28. Re2 Rc6 29. Kh2 Qd8 30. Qe3 Qh4 31. Qf2 Qg5 32. f4 Qd8 33. g4 Nf6 34. Qh4
Rc8 35. f5 Nxd5 36. Qxd8+ Rxd8 37. fxe6 Nxb4 38. exf7+ Kxf7 39. Rf1+ Ke6 40.
Ref2 Rd7 41. Rf8 Nd3 42. R1f6+ Ke5 43. R6f7 Rxf7 44. Rxf7 b5 45. axb5 axb5 46.
Rxh7 b4 47. Rb7 Kxe4 48. Kg3 Kd4 49. h4 Kc3 50. h5 gxh5 51. gxh5 b3 52. h6 Ne5
53. h7 Ng6 54. Kg4 d5 55. Kg5 Nh8 56. Rb8 b2 57. Rxh8 b1=Q 58. Rc8+ Kd3 59.
h8=Q Qg1+ 60. Kf5 d4 61. Qh3+ Kd2 62. Qh6+ Qe3 63. Qh2+ Kd1 64. Qh1+ Kd2 65.
Qc1+ Ke2 66. Rc2+ Kf3 67. Qh1+ Kg3 68. Rg2+ 1-0

[Event "10. Lichtenberger Sommer"]
[Site "Berlin"]
[Date "2011.08.20"]
[Round "8.80"]
[White "Kapp, Frank"]
[Black "Muehlhan, Klaus"]
[Result "0-1"]
[WhiteElo "1894"]
[BlackElo "1986"]
[PlyCount "104"]
[EventDate "2011.??.??"]
[WhiteTeam "TSV IFA Chemnitz"]
[BlackTeam "SC Empor Potsdam 1952 e.V."]

1. d4 Nf6 2. c4 c5 3. d5 b5 4. e3 b4 5. Nf3 g6 6. Bd3 Bb7 7. Nbd2 d6 8. O-O Bg7
9. a3 Na6 10. a4 O-O 11. Qc2 e6 12. e4 e5 13. Nb3 Bc8 14. Bg5 h6 15. Be3 Nb8
16. Rae1 a5 17. Na1 Nbd7 18. Qc1 Kh7 19. h3 Ng8 20. Nh2 f5 21. exf5 gxf5 22. f3
Qh4 23. Qc2 Ne7 24. Bf2 Qh5 25. Be2 Qe8 26. Bd3 Kh8 27. g4 Nf6 28. b3 Bd7 29.
Bh4 Qc8 30. Qd2 Be8 31. Nc2 Bg6 32. Ne3 Qd7 33. Qc2 Nh7 34. Bxe7 Qxe7 35. Nxf5
Bxf5 36. Bxf5 Ng5 37. Qg2 Qf6 38. Rf2 e4 39. f4 Qc3 40. Rfe2 Nxh3+ 41. Kh1 Nxf4
42. Qxe4 Nxe2 43. Rxe2 Qxb3 44. Qe6 Qxc4 45. Rc2 Qf4 46. Qg6 Rxf5 47. gxf5 Rf8
48. Rg2 Qe5 49. Ng4 Qxf5 50. Qxg7+ Kxg7 51. Ne3+ Kh7 52. Nxf5 Rxf5 0-1

[Event "10. Lichtenberger Sommer"]
[Site "Berlin"]
[Date "2011.08.20"]
[Round "8.82"]
[White "Wierzbicki, Jirawat"]
[Black "Hesselbarth, Karlheinz"]
[Result "1/2-1/2"]
[WhiteElo "1451"]
[BlackElo "1789"]
[PlyCount "98"]
[EventDate "2011.??.??"]
[WhiteTeam "TuS Makkabi Berlin e.V."]
[BlackTeam "SC Zugzwang 95 e.V."]

1. e4 c5 2. Nf3 e6 3. d4 cxd4 4. Nxd4 Nf6 5. Bd3 Nc6 6. Be3 Be7 7. Nc3 a6 8. a4
Qc7 9. f3 d5 10. Qd2 O-O 11. exd5 exd5 12. O-O-O Re8 13. g4 Be6 14. h4 Na5 15.
h5 Nc4 16. Qe1 Nxe3 17. Qxe3 Bd6 18. Qf2 Bf4+ 19. Kb1 Bd7 20. Rhe1 Rxe1 21.
Qxe1 Re8 22. Qh4 h6 23. Bf5 Bg5 24. Qh3 Qe5 25. Bxd7 Nxd7 26. Nf5 Nf6 27. Qf1
Rd8 28. Qd3 Kf8 29. Ne2 Bf4 30. Nxf4 Qxf4 31. c4 Rd7 32. Qa3+ Kg8 33. Ne7+ Kh7
34. Qd3+ Kh8 35. Nxd5 Nxd5 36. cxd5 Qxa4 37. Rc1 Rd8 38. Rc7 Qf4 39. Rxb7 Qe5
40. Qxa6 Qxd5 41. f4 Qe4+ 42. Ka2 Qd5+ 43. Ka1 Re8 44. Kb1 Re1+ 45. Kc2 Qd1+
46. Kc3 Re3+ 47. Kb4 Qd4+ 48. Ka5 Qd2+ 49. Rb4 Qd8+ 1/2-1/2

[Event "10. Lichtenberger Sommer"]
[Site "Berlin"]
[Date "2011.08.20"]
[Round "8.83"]
[White "Schmidek, Emil"]
[Black "Mahler, Sonja"]
[Result "1-0"]
[WhiteElo "1732"]
[BlackElo "1656"]
[PlyCount "69"]
[EventDate "2011.??.??"]
[WhiteTeam "TuS Makkabi Berlin e.V."]
[BlackTeam "SC Kreuzberg e.V."]

1. e4 c6 2. Nf3 d6 3. d4 e6 4. c4 h6 5. Nc3 Be7 6. Bf4 h5 7. Qd2 h4 8. h3 Nd7
9. Be2 Nf8 10. Rb1 a5 11. a3 Nh7 12. Be3 Bd7 13. b4 axb4 14. axb4 Ra3 15. Qb2
Qa8 16. O-O g5 17. Bd1 g4 18. hxg4 Nhf6 19. g5 Ng4 20. Ba4 Rxc3 21. Qxc3 h3 22.
Ra1 Qc8 23. e5 Qd8 24. Bf4 Rh5 25. Bc2 Bxg5 26. Bxg5 Rxg5 27. Nxg5 Qxg5 28.
Qxh3 Kd8 29. f4 Qg7 30. Qh7 Qf8 31. Qh4+ Kc7 32. Qxg4 Nh6 33. Qg5 Qh8 34. exd6+
Kxd6 35. Qe5+ 1-0

[Event "10. Lichtenberger Sommer"]
[Site "Berlin"]
[Date "2011.08.20"]
[Round "8.84"]
[White "Schubert, Joachim"]
[Black "Poeltelt, Helmut"]
[Result "1-0"]
[WhiteElo "1826"]
[BlackElo "1716"]
[PlyCount "143"]
[EventDate "2011.??.??"]
[WhiteTeam "SC Friesen Lichtenberg e.V."]
[BlackTeam "SC Eintracht Berlin e.V."]

1. e4 c5 2. Nf3 d6 3. d4 cxd4 4. Nxd4 Nf6 5. Nc3 g6 6. Be3 a6 7. Be2 Bg7 8. Qd2
Nc6 9. O-O O-O 10. f3 Nxd4 11. Bxd4 b5 12. Rfd1 Qc7 13. Rac1 Re8 14. Bf2 Bb7
15. Nb1 Bxe4 16. fxe4 Nxe4 17. Qb4 Nxf2 18. Kxf2 Qb6+ 19. Kf1 a5 20. Qb3 b4 21.
c3 Qe3 22. cxb4 Qxb3 23. axb3 Bxb2 24. Rc2 Be5 25. bxa5 Rxa5 26. g3 Rb8 27. Nd2
d5 28. Rb1 Bd6 29. Bd1 e5 30. Nf3 f6 31. g4 Kf7 32. h4 h6 33. Re2 Rb4 34. Rd2
Ke6 35. Ne1 Rf4+ 36. Kg2 Bb4 37. Re2 Rxg4+ 38. Kh3 Re4 39. Rxe4 dxe4 40. Nc2
Bd2 41. b4 Ra2 42. Ne3 Ra3 43. Bb3+ Kd7 44. Nc4 Bxb4 45. Nxa3 Bxa3 46. Bc2 f5
47. Rg1 g5 48. hxg5 hxg5 49. Rxg5 e3 50. Bxf5+ Kd6 51. Bd3 Bb2 52. Kg3 Bd4 53.
Kf3 Kc5 54. Rg2 Kd5 55. Rc2 Kd6 56. Ke4 Ke6 57. Rc6+ Ke7 58. Kd5 Ba1 59. Re6+
Kf7 60. Bg6+ Kg7 61. Bh5 Bd4 62. Kd6 Bc3 63. Rg6+ Kh7 64. Rg3 Bd4 65. Ke6 Kh6
66. Bf3 Kh7 67. Be4+ Kh6 68. Bd3 Kh5 69. Kf5 Kh6 70. Be2 Kh7 71. Kf6 Kh8 72.
Rh3+ 1-0

[Event "10. Lichtenberger Sommer"]
[Site "Berlin"]
[Date "2011.08.20"]
[Round "8.85"]
[White "Knaut, Jonathan"]
[Black "Schwedek, Tony"]
[Result "1/2-1/2"]
[WhiteElo "1613"]
[BlackElo "1848"]
[PlyCount "33"]
[EventDate "2011.??.??"]
[WhiteTeam "SV Königsjäger Süd-West e.V."]
[BlackTeam "SC Zitadelle Spandau 1977 e.V."]

1. e4 c5 2. Nf3 d6 3. Bb5+ Bd7 4. Bxd7+ Qxd7 5. O-O Nc6 6. b3 Nf6 7. Re1 g6 8.
Bb2 Bg7 9. c3 O-O 10. d4 cxd4 11. cxd4 Rac8 12. Nc3 Rfd8 13. d5 Nb4 14. a3 Na6
15. Rb1 Nc7 16. Qd3 Nce8 17. Ne2 1/2-1/2